000 00730nam a2200217 i 4500
001 45084
003 ES-MaACL
005 20250916063035.0
007 t|
008 030325s1970 sp ||||1| spa d
100 1 _aClavería, Carlos,
_d1909-1974
_9149212
245 1 0 _aTemas de Unamuno /
_cCarlos Clavería.
250 _a2ª ed.
260 _aMadrid :
_bGredos,
_c1970.
300 _a165 p. ;
_c21 cm.
490 1 _aBiblioteca románica hispánica ;
_vII. Estudios y ensayos ;
_v10
600 1 4 _aUnamuno, Miguel de,
_d1864-1936-
_xCrítica e interpretación
_9111984
830 1 _aBiblioteca románica hispánica ;
_vII. Estudios y ensayos ;
_v10
_9180746
852 _aES-MaACL
_jE-5648
999 _c45084
_d45084